000 01455cam a22004214i 4500
003 PE-LiUPU
005 20250731173138.0
008 150623s r 000 0 d
035 _a(Sirsi) a27094
040 _aPE-LiUPU
_bspa
_cPE-LiUPU
_erda
082 0 4 _a231.765
_bC85
_221
100 1 _aCrews, Dennis,
_eautor.
245 1 0 _aMystery in the rocks /
_cDennis Crews.
264 1 _aFrederick, MD :
_b1990.
300 _a64 páginas ;
_c18 cm.
336 _atext
_2rdacontent
337 _aunmediated
_2rdamedia
338 _avolume
_2rdacarrier
505 0 _aA simple search for certainty. The mystery unfolds. Breaking into print. The plot thickens. Of pride and prejudice. Called before court. A perversion of justice. Truth abides.
526 _aSEG42
526 _aSEG41
526 _aSEG40
526 _aSEG39
526 _aP94
526 _aP87
526 _aP86
526 _aP85
526 _aP77
526 _aP76
526 _aP35
650 0 4 _aCreacionismo.
650 0 4 _aEdad de la tierra.
942 _2ddc
_cBOOK
949 _a231.765 C85
_wDEWEY
_c1
_i52372
_lCCODEBUL1
_mBUL
_p3.00
_r0
_sY
_tBOOK
_u2015-06-24
_xTEOLOGIA
_PP35
_0COMPRA
_o.STAFF. Colección General
596 _a1
999 _a231.765 C85
_wDEWEY
_c34197
_i52372
_f2021-11-11
_g5
_lCCODEBUL1
_mBUL
_p3.00
_r0
_sY
_tBOOK
_u2015-6-24
_xTEOLOGIA
_PP35
_0COMPRA
_o.STAFF. Colección General
_d34197
980 _81
_gALBERTO SANCHEZ Responsable de Automatización